000 00555nam a22001817a 4500
003 NUST - PNEC
005 20170116181041.0
008 150922b xxu||||| |||| 00| 0 eng d
020 _a0070489459
040 _cLIBRARY
082 _a003.3 PAY
100 _911598
_a Payne, James A
245 _aIntroduction to simulation :
_bprogramming techniques and methods of analysis
_cJames A Payne
260 _cc 1988
650 _96024
_aSystem analysis, digital computer simulation
651 _916431
_aSimulation
_xMIS. Computer Science
942 _2ddc
_cBK
999 _c68099
_d68099